[Event "II Open"]
[Site "La Laguna ESP"]
[Date "2008.04.23"]
[Round "3"]
[White "Bellia,F"]
[Black "Guliyev,N"]
[Result "0-1"]
[WhiteElo "2401"]
[BlackElo "2542"]

1.e4 c5 2.Nf3 e6 3.d4 cxd4 4.Nxd4 a6 5.Bd3 Bc5 6.Nb3 Be7 7.Qg4 g6 8.Qe2 d6
9.O-O Nd7 10.Na3 Qc7 11.Nc4 b6 12.a4 Bb7 13.a5 b5 14.Nb6 Nxb6 15.axb6 Qxb6
16.Na5 Bc8 17.c4 b4 18.e5 dxe5 19.Qxe5 f6 20.Qe4 Ra7 21.Be3 Bc5 22.Bxc5 Qxc5
23.Qc6+ Qxc6 24.Nxc6 Rd7 25.Nxb4 Ne7 26.Bc2 Kf7 27.Nxa6 Bxa6 28.Rxa6 Rd2
29.Rc1 Rc8 30.Kf1 Nc6 31.Ke1 Rd4 32.b3 e5 33.Rb6 Rd7 34.b4 Nd4 35.c5 Ke7
36.Bd1 Ra7 37.b5 Rac7 38.c6 Kd6 39.Be2 Ra8 40.Bd3 f5 41.h4 Nb3 42.Rb1 Nd4
43.Rc1 e4 44.Be2 Ra2 45.Bc4 Rb2 46.Rd1 Kc5 47.Rb7 Rc8 48.Rxd4 Kxd4 49.Be6 Ra8
50.Rd7+ Ke5  0-1

[Event "IX EICC"]
[Site "Plovdiv BUL"]
[Date "2008.04.23"]
[Round "3"]
[White "Kozhuharov,S"]
[Black "Stefansson,H"]
[Result "0-1"]
[WhiteElo "2433"]
[BlackElo "2583"]

1.e4 c5 2.Nf3 e6 3.d4 cxd4 4.Nxd4 a6 5.Bd3 Bc5 6.Nb3 Be7 7.Qg4 g6 8.Qe2 d6
9.Nc3 Nd7 10.O-O Qc7 11.Kh1 b6 12.Bd2 Bb7 13.Rfe1 h5 14.f4 Ngf6 15.Nd4 h4
16.Nf3 Nh5 17.b4 Nxf4 18.Bxf4 Qxc3 19.Ng5 Bxg5 20.Bxg5 h3 21.g3 Qxb4 22.Qf2 Rh7
23.Kg1 Qc5 24.Be3 Qc6 25.Bg5 Kf8 26.Be3 Kg8 27.Bd4 b5 28.Re3 e5 29.Bb2 f5
30.Be2 Nf6 31.Bf3 fxe4  0-1

[Event "IX EICC"]
[Site "Plovdiv BUL"]
[Date "2008.04.24"]
[Round "4"]
[White "Dorfanis,I"]
[Black "Nitelea,B"]
[Result "0-1"]
[WhiteElo "2207"]
[BlackElo "2090"]

1.e4 c5 2.Nf3 e6 3.d4 cxd4 4.Nxd4 a6 5.Bd3 Nf6 6.O-O Qc7 7.c4 Nc6 8.Nxc6 dxc6
9.Kh1 h5 10.f4 e5 11.f5 Bc5 12.Nc3 Ng4 13.Qe2 Qd8 14.g3 Nf2+ 15.Kg2 Nxd3
16.Rd1 Qd4 17.Qxd3 Qf2+ 18.Kh1 O-O 19.Rf1 Qd4 20.Qxd4 Bxd4 21.Ne2 c5 22.Nxd4 exd4
23.e5 Re8 24.e6 b5 25.b3 g6 26.Bg5 gxf5 27.Rxf5 Rxe6 28.Bf6 bxc4 29.bxc4 Rc6
30.Rg5+ Kh7 31.Rf1 Bg4 32.Rg7+ Kh6 33.Rxf7 Bh3 34.Rf4 Rb8 35.Bg7+ Kg6 36.Kg1 Rb1+
37.Kf2 Rf1+ 38.Ke2 Re6+ 39.Kd2 Rxf4 40.Rxf4 Kxg7 41.Rh4 Bg4 42.h3 Re2+ 43.Kd1 Rh2+
44.hxg4 Rxh4 45.gxh4 hxg4 46.Ke2 Kh6  0-1

[Event "3rd Open"]
[Site "Angers FRA"]
[Date "2008.04.26"]
[Round "4"]
[White "Vion,J"]
[Black "Primel,D"]
[Result "0-1"]
[WhiteElo "2105"]
[BlackElo "1989"]

1.e4 c5 2.Nf3 e6 3.d4 cxd4 4.Nxd4 a6 5.Bd3 Nf6 6.O-O Qc7 7.Be3 Nc6 8.Nc3 Ne5
9.h3 Bc5 10.f4 Ng6 11.Qe2 Nxf4 12.Rxf4 Bxd4 13.Bxd4 Qxf4 14.Rf1 Qh4 15.Bc5 b6
16.Bd6 Bb7 17.e5 Nd5 18.Qf3 f5 19.Bxf5 exf5 20.Nxd5 Qd4+ 21.Qe3 Qxd5 22.Qg5 Qxg2+
23.Qxg2 Bxg2 24.Kxg2 g6 25.Rf4 Kf7 26.Rb4 b5 27.a4 bxa4 28.Rb7 Ke6 29.Rb6 Kd5
30.Rb7 Rhc8 31.c3 Ke6 32.Rb4 a3 33.bxa3 Rxc3 34.Rb6 Rc6  0-1

[Event "26th Metz Open"]
[Site "Metz St Symphorien FRA"]
[Date "2008.04.26"]
[Round "8"]
[White "Spraggett,K"]
[Black "Sulava,N"]
[Result "1/2-1/2"]
[WhiteElo "2591"]
[BlackElo "2479"]

1.e4 c5 2.Nf3 e6 3.d4 cxd4 4.Nxd4 a6 5.Bd3 Nf6 6.O-O e5 7.Nb3 Be7 8.c4 d6
9.Nc3 O-O 10.h3 Be6 11.f4 exf4 12.Bxf4 Nc6 13.Kh1 Nd7 14.Nd5 Bxd5 15.exd5 Nce5
16.Nd4 g6 17.Qd2 Bf6 18.Be2 Bg7 19.Rad1 Rc8 20.b3 Nc5 21.Kh2 Re8 22.Qc2 Qd7
23.a4  1/2-1/2

[Event "26th Liechtenstein Open"]
[Site "Triesen LIE"]
[Date "2008.04.26"]
[Round "2"]
[White "Frick,R"]
[Black "Siebrecht,S"]
[Result "0-1"]
[WhiteElo "2153"]
[BlackElo "2490"]

1.e4 c5 2.Nf3 e6 3.d4 cxd4 4.Nxd4 a6 5.Bd3 Bc5 6.Nb3 Be7 7.O-O Nc6 8.Nc3 Nf6
9.Qe2 d6 10.f4 Qc7 11.Kh1 b5 12.Be3 Bb7 13.Rae1 O-O 14.Rf3 Rfe8 15.Rh3 Nb4
16.a3 Nxd3 17.cxd3 Rac8 18.Nd4 g6 19.g4 e5 20.Nc2 d5 21.fxe5 Qxe5 22.Bd4 dxe4
23.Kg1 Qg5 24.Bxf6 Bxf6 25.d4 e3 26.Rxe3 Rxe3 27.Qxe3 Qxg4+  0-1

[Event "IX EICC"]
[Site "Plovdiv BUL"]
[Date "2008.04.29"]
[Round "8"]
[White "Fragakis,E"]
[Black "Nitelea,B"]
[Result "1/2-1/2"]
[WhiteElo "2133"]
[BlackElo "2090"]

1.e4 c5 2.Nf3 e6 3.d4 cxd4 4.Nxd4 a6 5.Bd3 Nf6 6.O-O Qc7 7.Kh1 Nc6 8.Nb3 h5
9.f4 e5 10.Nc3 exf4 11.Nd5 Nxd5 12.exd5 Ne5 13.Bxf4 Bd6 14.Qe2 b5 15.Nd4 f6
16.Nf5 Bb7 17.Nxg7+ Kd8 18.Be4 Ng4 19.Qf3 Rc8 20.Rad1 Bxf4 21.Qxf4 Qxf4 22.Rxf4 Rc4
23.Rdf1 Ne3 24.R1f2 Nxd5 25.Bxd5 Rxf4 26.Rxf4 Bxd5 27.Rxf6 Rg8 28.Rf5 Be4
29.Rg5 Rf8 30.Kg1 Bxc2 31.Nxh5 Bb1 32.a3 Ba2 33.Ng3 d5 34.Nf5 Re8 35.Kf2 Kc7
36.h4 Bc4 37.Ne3 Kc6 38.b4 d4 39.Rc5+ Kd6 40.Nxc4+ bxc4 41.Rxc4 Kd5 42.Rc7 d3
43.h5 Kd4 44.h6 d2 45.Rd7+ Kc3 46.g4 Rf8+ 47.Ke3 Re8+ 48.Kf4 Rf8+ 49.Ke4 Rf7
50.Rxd2 Kxd2 51.g5 Rh7 52.Kf5 Ke3 53.Kg6 Rh8 54.Kg7 Rb8 55.h7 Kf4 56.Kh6 Kf5
57.g6 Rd8 58.g7 Rd6+ 59.Kh5 Rd1 60.Kh4 Kf4 61.Kh3 Kf3 62.Kh2 Rd2+ 63.Kg1 Rd1+  1/2-1/2

[Event "26th Liechtenstein Open"]
[Site "Triesen LIE"]
[Date "2008.04.29"]
[Round "5"]
[White "Hillbrand,J"]
[Black "Frick,R"]
[Result "1/2-1/2"]
[WhiteElo "1931"]
[BlackElo "2153"]

1.e4 c5 2.Nf3 e6 3.d4 cxd4 4.Nxd4 a6 5.Bd3 Bc5 6.Nb3 Be7 7.O-O Nc6 8.c4 Nf6
9.Nc3 Qc7 10.Be3 d6 11.f4 O-O 12.Rc1 Nd7 13.Qh5 g6 14.Qe2 Nc5 15.Nd4 Bf6
16.Nxc6 Qxc6 17.Bxc5 Qxc5+ 18.Kh1 b6 19.e5 dxe5 20.Ne4 Qe7 21.Nxf6+ Qxf6
22.fxe5 Qg5 23.Qe4 Rb8 24.h4 Qh6 25.Qe1 Qh5 26.g3 Bb7+ 27.Kh2 Rbd8 28.Qe3 Rxd3
29.Qxd3 Qxe5 30.b3 f5 31.Rfe1 Be4 32.Qc3 Qc5 33.Re2 Rd8 34.Rd2 Rd3 35.Qb2 e5
36.Rxd3 Bxd3 37.Qd2 e4 38.Rd1 Qd4 39.Kh3 Kg7 40.Kh2 h6 41.Kh3 Qf6 42.Qf4 g5
43.Qc7+ Kg6 44.Qc8 g4+ 45.Kg2 Qb2+ 46.Kh1 Qe2 47.Qe6+ Kg7 48.Qe7+ Kg8 49.Qe8+ Kg7
50.Qe7+  1/2-1/2

[Event "ch-UZB"]
[Site "Tashkent UZB"]
[Date "2008.04.30"]
[Round "7"]
[White "Niyazmetov,R"]
[Black "Faizulaev,A"]
[Result "0-1"]
[WhiteElo "2202"]
[BlackElo "2267"]

1.e4 c5 2.Nf3 e6 3.d4 cxd4 4.Nxd4 a6 5.Bd3 Qc7 6.O-O Nf6 7.Qe2 Nc6 8.Nxc6 dxc6
9.Nc3 Be7 10.a4 Bd7 11.Be3 O-O 12.a5 c5 13.Na4 Bxa4 14.Rxa4 Rac8 15.Bg5 h6
16.Bh4 e5 17.f4 Ne8 18.Bg3 Bf6 19.fxe5 Bxe5 20.Bxe5 Qxe5 21.Rf5 Qxb2 22.e5 g6
23.Rg4 Ng7 24.Rf6 Rce8 25.Re4 Qa1+ 26.Rf1 Qxa5 27.Rh4 Qc3 28.Qe3 Qxe5 29.Qxh6 Qe3+
30.Qxe3 Rxe3 31.Ra4 b5 32.Rxa6 c4 33.Bxg6 fxg6 34.Rxf8+ Kxf8 35.Rxg6 Re1+
36.Kf2 Rc1 37.Rb6 Rxc2+ 38.Ke3 Rb2 39.Kd4 Nf5+ 40.Ke5 Ne3 41.Rf6+ Kg7 42.Rf3 Nxg2  0-1

[Event "IX EICC"]
[Site "Plovdiv BUL"]
[Date "2008.05.01"]
[Round "10"]
[White "Svetushkin,D"]
[Black "Nikolov,M"]
[Result "1-0"]
[WhiteElo "2568"]
[BlackElo "2488"]

1.e4 c5 2.Nf3 e6 3.d4 cxd4 4.Nxd4 a6 5.Bd3 Nf6 6.O-O Qc7 7.Qe2 d6 8.c4 g6
9.Nc3 Bg7 10.Nf3 O-O 11.Bf4 Ng4 12.h3 Ne5 13.Nxe5 dxe5 14.Be3 Nc6 15.Na4 Nd4
16.Bxd4 exd4 17.c5 Bd7 18.Nb6 Rae8 19.b4 f5 20.e5 Re7 21.Rfe1 Bh6 22.Rad1 Bc6
23.Nc4 Rg7 24.Nd6 g5 25.Bc4 Qe7 26.Rxd4 g4 27.hxg4 Kh8 28.b5 axb5 29.Bxb5 Bxb5
30.Qxb5 f4 31.Ne4 Qh4 32.Nf6 Bg5 33.Nh5 Rg6 34.Qe2 f3 35.g3 fxe2 36.gxh4 Bxh4
37.Rxe2 Be7 38.Rc2 Rc8 39.Rd7 Rxg4+ 40.Kf1 Rxc5 41.Rxc5 Bxc5 42.Rxb7 Rh4
43.Rb8+  1-0

[Event "Father Ivan Cvitanovic Mem"]
[Site "Split CRO"]
[Date "2008.05.05"]
[Round "8"]
[White "Plenkovic,Z"]
[Black "Sax,G"]
[Result "1-0"]
[WhiteElo "2370"]
[BlackElo "2502"]

1.e4 c5 2.Nf3 e6 3.d4 cxd4 4.Nxd4 a6 5.Bd3 Qb6 6.Be3 Qxb2 7.Nd2 Qc3 8.O-O Qc7
9.e5 Ne7 10.Be4 Ng6 11.f4 d5 12.Bd3 Nc6 13.Nxc6 bxc6 14.c4 Qd8 15.cxd5 cxd5
16.Rb1 Be7 17.Bd4 Bd7 18.Qh5 Qa5 19.Nb3 Qa4 20.f5 Nf8 21.Qg4 g6 22.f6 Ba3
23.Rf4 h5 24.Qh4 Qc6 25.Rf2 Qa4 26.Rf4 Qc6 27.Qe1 Qc7 28.Rf2 Bb5 29.Rc2 Qd8
30.Qc3 Nd7 31.Na5 O-O 32.Bxb5 axb5 33.Rxb5 Qc8 34.Nc6 Kh7 35.Qb3 Re8 36.Na7 Qa6
37.Rc7 Bc5 38.Rc6 Qxa7  1-0

[Event "FSGM May"]
[Site "Budapest HUN"]
[Date "2008.05.07"]
[Round "5"]
[White "Sjugirov,S"]
[Black "Boros,De"]
[Result "1-0"]
[WhiteElo "2492"]
[BlackElo "2457"]

1.e4 c5 2.Nf3 e6 3.d4 cxd4 4.Nxd4 a6 5.Bd3 g6 6.O-O Bg7 7.Nf3 Qc7 8.c4 Nf6
9.Qe2 Nc6 10.h3 d6 11.Bf4 Nd7 12.Nc3 Nde5 13.Rac1 O-O 14.Qe3 Rb8 15.Be2 Nxf3+
16.Bxf3 Nd4 17.Bg5 Qc5 18.Rfd1 Re8 19.h4 Bd7 20.Be2 Bc6 21.Bf1 f6 22.Bh6 e5
23.Bxg7 Kxg7 24.Ne2 Ne6 25.Qd3 Qb6 26.Qc2 Rbd8 27.g3 f5 28.exf5 gxf5 29.Qxf5 Rf8
30.c5 Nxc5 31.Qg5+ Kh8 32.Rxd6 Rxd6 33.Qxe5+ Kg8 34.Qxd6 Nd3 35.Nd4 Qxb2
36.Rc2 Qb1 37.Ne6 Re8 38.Rxc6 Ne1 39.Rc3  1-0

[Event "43rd Capablanca Memorial Open"]
[Site "Havana CUB"]
[Date "2008.05.08"]
[Round "1"]
[White "Borges Feria,Y"]
[Black "Macias Murillo,B"]
[Result "1/2-1/2"]
[WhiteElo "2406"]
[BlackElo "2218"]

1.e4 c5 2.Nf3 e6 3.d4 cxd4 4.Nxd4 a6 5.Bd3 g6 6.O-O Bg7 7.Nb3 Ne7 8.Nc3 O-O
9.Bg5 h6 10.Bh4 Nbc6 11.f4 f5 12.exf5 gxf5 13.Rf3 Qc7 14.Qd2 b5 15.Bf2 Bb7
16.Rg3 Rad8 17.Nc5 Bc8 18.Re1 Kh8 19.a3 Rf6 20.Be2 d6 21.Nb3 e5 22.Rh3 Be6
23.Bh4 Rf7 24.Bh5 Rff8 25.Kh1 e4 26.Rg3 Bxb3 27.cxb3 d5 28.Rc1 Qd6 29.Re1 d4
30.Nxe4 fxe4 31.Rxe4 Nf5 32.Bxd8 Nxg3+ 33.hxg3 Rxd8 34.Qd3 Na5 35.Bd1 Kg8
36.Bc2 Nc6 37.b4 Qg6 38.Bb3+ Kh8 39.Bc2 Kg8 40.Bb3+ Kh8 41.Bc2 Rf8 42.Kh2 Nd8
43.Qe2 Qc6 44.Re7 Qc4 45.Qg4 Qg8 46.Bb3 Qh7 47.Bc2  1/2-1/2

[Event "43rd Capablanca Memorial Open"]
[Site "Havana CUB"]
[Date "2008.05.08"]
[Round "1"]
[White "Quesada Perez,Y"]
[Black "Borges Mateos,J"]
[Result "1/2-1/2"]
[WhiteElo "2311"]
[BlackElo "2474"]

1.e4 c5 2.Nf3 e6 3.d4 cxd4 4.Nxd4 a6 5.Bd3 Nc6 6.Be3 Nf6 7.Nc3 Qc7 8.O-O Nxd4
9.Bxd4 Bd6 10.h3 Bc5 11.Be2 d6 12.Bf3 Bd7 13.Qd2 Rc8 14.Rad1 Ke7 15.Rfe1 Bxd4
16.Qxd4 Qc5 17.Qd2 Rhd8 18.Re3 b5 19.Ne2 b4 20.c4 Be8 21.b3 Nd7 22.Nc1 a5
23.Nd3 Qb6 24.Qb2 f6 25.Re2 g5 26.Red2 Rb8 27.g3 Bf7 28.Kh2 h5 29.Bg2 e5
30.Ne1 Nc5 31.Nc2 a4 32.Ne3 Be6 33.Nf5+ Bxf5 34.exf5 Qa7 35.Qc2 Rb6 36.Rb1 axb3
37.axb3 Ra6 38.Qd1 Rb8 39.Qf3 g4 40.Qe3 Nd7 41.Qe2 Nc5 42.h4 Qd7  1/2-1/2

[Event "Panamericano w"]
[Site "San Salvador ESA"]
[Date "2008.05.08"]
[Round "4"]
[White "Moncayo Romero,E"]
[Black "Chang,S"]
[Result "1-0"]
[WhiteElo "2182"]
[BlackElo "2080"]

1.e4 c5 2.Nf3 e6 3.d4 cxd4 4.Nxd4 a6 5.Bd3 Nf6 6.O-O Qc7 7.Qe2 d6 8.c4 Be7
9.f4 Nbd7 10.Nc3 O-O 11.Be3 Re8 12.Rac1 b6 13.b4 Bf8 14.g4 e5 15.g5 exd4
16.Bxd4 Nxe4 17.Bxe4 Bb7 18.Nd5 Bxd5 19.cxd5 Qd8 20.Bxh7+ Kxh7 21.Qh5+ Kg8
22.Rc3 Ne5 23.Rh3 f6 24.fxe5  1-0

[Event "Panamericano w"]
[Site "San Salvador ESA"]
[Date "2008.05.09"]
[Round "5"]
[White "Hernandez,Be"]
[Black "Mencos,C"]
[Result "1-0"]
[WhiteElo "1819"]
[BlackElo "2001"]

1.e4 c5 2.Nf3 e6 3.d4 cxd4 4.Nxd4 a6 5.Bd3 Qc7 6.Qe2 d6 7.Nc3 Nd7 8.Be3 Ne5
9.Nb3 Nxd3+ 10.cxd3 Nf6 11.Rc1 Qd8 12.O-O Be7 13.Na4 Nd7 14.f4 b5 15.Nc3 O-O
16.Nd4 Bb7 17.f5 e5 18.Nf3 Nf6 19.Ng5 d5 20.exd5 Nxd5 21.Nce4 Nxe3 22.Qxe3 Qd5
23.f6 Bxf6 24.Nxf6+ gxf6 25.Ne4 Kh8 26.Qh6 Qd4+ 27.Kh1 Bxe4 28.Qxf6+ Kg8
29.dxe4 Qxe4 30.Rc3 Rae8 31.Rg3+ Qg6 32.Kg1 Re6 33.Rxg6+ hxg6 34.Qh4 Kg7
35.Rf3 Rh8 36.Qe4 Rhe8 37.Rh3 Rd8 38.Qh4 Rg8 39.Qh7+ Kf8 40.Rc3 Re8 41.Rc7 Rg7
42.Qh8+ Rg8 43.Qf6 Rg7 44.Qxa6 e4 45.Rc8 f5 46.Rxe8+ Kxe8 47.Qxb5+ Kf8 48.Qb8+ Kf7
49.b4 Kf6 50.Qf8+ Rf7 51.Qh8+ Ke6 52.Qg8 Kf6 53.b5 e3 54.Qxf7+ Kxf7 55.b6 e2
56.Kf2 Ke7 57.b7  1-0

[Event "43rd Capablanca Memorial Open"]
[Site "Havana CUB"]
[Date "2008.05.10"]
[Round "3"]
[White "Corrales Jimenez,Z"]
[Black "Hansen,SuB"]
[Result "0-1"]
[WhiteElo "2147"]
[BlackElo "2549"]

1.e4 c5 2.Nf3 e6 3.d4 cxd4 4.Nxd4 a6 5.Bd3 Bc5 6.Nb3 Be7 7.O-O d6 8.Nc3 Nf6
9.a4 b6 10.Qe2 Qc7 11.Be3 Nbd7 12.f3 O-O 13.Qf2 Bb7 14.Nd2 d5 15.exd5 Nxd5
16.Nxd5 Bxd5 17.Qg3 Bd6 18.Qh4 f5 19.c3 Ne5 20.Bc2 Ng6 21.Qh5 Nf4 22.Qh4 Rf6
23.Qf2 Rg6 24.Bxf4 Bxf4 25.h3 Qd8 26.Rfd1 Qg5 27.Nf1 Rc8 28.Kh1 Bd6 29.Bd3 a5
30.Ba6 Ra8 31.Bb5 Bc5 32.Qe2 Rh6 33.Nh2 Qg3 34.Qf1 Rf8 35.c4 Ba8 36.Rd7 e5
37.Rad1 e4 38.fxe4 Bxe4  0-1

[Event "43rd Capablanca Memorial Open"]
[Site "Havana CUB"]
[Date "2008.05.10"]
[Round "3"]
[White "Quesada Perez,Y"]
[Black "Macias Murillo,B"]
[Result "1-0"]
[WhiteElo "2311"]
[BlackElo "2218"]

1.e4 c5 2.Nf3 e6 3.d4 cxd4 4.Nxd4 a6 5.Bd3 Nf6 6.O-O d6 7.Nc3 Be7 8.Be3 O-O
9.f4 Qc7 10.Qf3 Re8 11.a4 b6 12.Qg3 Nbd7 13.Nf3 Bb7 14.e5 Nd5 15.Nxd5 Bxd5
16.exd6 Qxd6 17.Ne5 Bf6 18.c4 Bc6 19.Nxd7 Qxd7 20.Rad1 Qb7 21.b3 b5 22.axb5 axb5
23.Rd2 Ra5 24.f5 e5 25.Bh6 Kh8 26.Bg5 Bxg5 27.Qxg5 f6 28.Qh5 Rea8 29.cxb5 Be8
30.Qg4 Bxb5 31.Rfd1 Bxd3 32.Rxd3 Ra1 33.h3 h6 34.Kh2 Rxd1 35.Qxd1 Qe4 36.Rf3 Kh7
37.Qd7 Qd4 38.Qxd4 exd4 39.Rd3 Rb8 40.Kg3 h5 41.Kf4 Kh6 42.Ke4 Rb4 43.h4 Rb5
44.g3 Re5+ 45.Kf4 Rb5 46.Ke4 Re5+ 47.Kxd4 Rxf5 48.b4 g5 49.Rb3 Rb5 50.Kc4 Rb8
51.b5 Kg6 52.Rf3 gxh4 53.gxh4 f5 54.Kc5 Kf6 55.b6 Ke5 56.Kc6 Ke4 57.Rf1 f4
58.b7 f3 59.Kc7 Rg8 60.b8=Q Rxb8 61.Kxb8 Ke3 62.Kc7 Ke2 63.Rh1 Kf2 64.Kd6 Kg2
65.Ra1 f2 66.Ke5 Kg3 67.Ke4  1-0

[Event "Kaupthing Open"]
[Site "Differdange LUX"]
[Date "2008.05.12"]
[Round "4"]
[White "Barthel,A"]
[Black "Boyarchenko,M"]
[Result "1-0"]
[WhiteElo "2258"]
[BlackElo "1877"]

1.e4 c5 2.Nf3 e6 3.d4 cxd4 4.Nxd4 a6 5.Bd3 Bc5 6.Nb3 Ba7 7.O-O d6 8.Qg4 Qf6
9.Qg3 e5 10.Nc3 Be6 11.Na5 b5 12.a4 b4 13.Nd5 Bxd5 14.exd5 h6 15.Bd2 Ne7
16.Bxb4 Nxd5 17.Be4 Nxb4 18.Bxa8 Nxc2 19.Rac1 Nd4 20.Rc8+ Ke7 21.Qh3 Rd8
22.Rc7+ Rd7 23.Rxd7+ Nxd7 24.Nc6+ Nxc6 25.Bxc6 Nc5 26.Qc8  1-0

[Event "43rd Capablanca Memorial Open"]
[Site "Havana CUB"]
[Date "2008.05.12"]
[Round "5"]
[White "Garcia Carey,O"]
[Black "Macias Murillo,B"]
[Result "1-0"]
[WhiteElo "2376"]
[BlackElo "2218"]

1.e4 c5 2.Nf3 e6 3.d4 cxd4 4.Nxd4 a6 5.Bd3 g6 6.O-O Bg7 7.Be3 Ne7 8.c4 d5
9.exd5 exd5 10.Nc3 O-O 11.a4 dxc4 12.Bxc4 Nd7 13.Nf3 Qc7 14.Qb3 Nf6 15.Bb6 Qf4
16.Ne2 Qb8 17.Ng5 Ng4 18.f4 Nh6 19.Rad1 Bg4 20.h3 Bxe2 21.Bxe2 Nc6 22.Bc4 Qc8
23.Kh1 Qf5 24.Rd5 Qf6 25.Rd7 Qxb2 26.Nxf7 Qxb3 27.Nxh6+ Kh8 28.Bxb3 Bxh6
29.a5 Rxf4 30.Rxf4 Bxf4 31.Rxb7 Re8 32.g4 Re1+ 33.Kg2 Be5 34.g5 h6 35.gxh6 Rb1
36.Bd5 Nxa5 37.Bxa5 Rxb7 38.Bxb7 Bf4 39.Bxa6 Bxh6 40.Kf3 Bc1 41.Bd8 Bb2 42.Bg5 Kg7
43.Ke4 Bc3 44.Kd5 Bb2 45.Ke6 Bc3 46.Ke7 Bb2 47.Ke8 Bf6 48.Bxf6+ Kxf6 49.Kf8 Kg5
50.Kg7 Kh4 51.Bc8 Kh5 52.Bd7 g5 53.Bf5 Kh4 54.Kg6  1-0

[Event "43rd Capablanca Memorial Open"]
[Site "Havana CUB"]
[Date "2008.05.13"]
[Round "6"]
[White "Guerra Tulcan,L"]
[Black "Garcia Carey,O"]
[Result "1-0"]
[WhiteElo "2274"]
[BlackElo "2376"]

1.e4 c5 2.Nf3 e6 3.d4 cxd4 4.Nxd4 a6 5.Bd3 Qc7 6.O-O Nf6 7.Qe2 d6 8.c4 Be7
9.Nc3 Nbd7 10.Kh1 O-O 11.f4 Re8 12.Nf3 g6 13.e5 Nh5 14.b3 f5 15.exf6 Ndxf6
16.Ng5 Bf8 17.Bb2 Bh6 18.Rae1 Bd7 19.Nce4 Nxe4 20.Bxe4 Bc6 21.Qg4 Bxe4 22.Rxe4 Bg7
23.Bxg7 Qxg7 24.Rxe6 Rf8 25.Rxd6 Rf5 26.Qd1 Nxf4 27.Rd7 Qe5 28.Re1 Qb2 29.Rd2 Qf6
30.Ne4 Qf8 31.Nd6 Rh5 32.Rf1 Qh6 33.g3 Rd8 34.Nf5  1-0

[Event "43rd Capablanca Memorial Open"]
[Site "Havana CUB"]
[Date "2008.05.13"]
[Round "6"]
[White "Escobar Forero,A"]
[Black "Vilela de Acuna,J"]
[Result "1-0"]
[WhiteElo "2454"]
[BlackElo "2345"]

1.e4 c5 2.Nf3 e6 3.d4 cxd4 4.Nxd4 a6 5.Bd3 Bc5 6.Nb3 Ba7 7.Qg4 Nf6 8.Qg3 d6
9.Nc3 Nc6 10.f4 O-O 11.Be3 Qc7 12.O-O b5 13.Rae1 b4 14.Nd1 a5 15.Qh4 Ba6
16.Rf3 Bxd3 17.cxd3 a4 18.Nd2 Nd4 19.Rg3 Qe7 20.Nc4 Nc2 21.Rf1 Nxe3 22.Ndxe3 Rfe8
23.Qg5 g6 24.Kh1 d5 25.Ne5 Rac8 26.h4 Bxe3 27.Rxe3 Rc2 28.f5 exf5 29.exf5  1-0

[Event "III President's Cup"]
[Site "Baku AZE"]
[Date "2008.05.14"]
[Round "3"]
[White "Abbasov,V"]
[Black "Guliev,Sarh"]
[Result "0-1"]
[WhiteElo "2161"]
[BlackElo "2487"]

1.e4 c5 2.Nf3 e6 3.d4 cxd4 4.Nxd4 a6 5.Bd3 Qc7 6.O-O Nf6 7.Be3 Nc6 8.Nxc6 bxc6
9.Nd2 d5 10.c4 Bd6 11.f4 d4 12.Bxd4 Bxf4 13.Rxf4 Qxf4 14.Qe2 e5 15.Rf1 Bg4
16.Qe1 Qg5 17.Be3 Qg6 18.Bc5 Rd8 19.Qg3 Be6 20.Qf3 Nh5 21.Nb3 Nf4 22.Be2 h5
23.Rf2 Nh3+ 24.Kf1 Nxf2 25.Qxf2 Qxe4  0-1

[Event "Kaupthing Open"]
[Site "Differdange LUX"]
[Date "2008.05.14"]
[Round "6"]
[White "Jaenig,R"]
[Black "Boyarchenko,M"]
[Result "0-1"]
[WhiteElo "2162"]
[BlackElo "1877"]

1.e4 c5 2.Nf3 e6 3.d4 cxd4 4.Nxd4 a6 5.Bd3 Qc7 6.O-O Nf6 7.c4 Be7 8.Qe2 d6
9.Kh1 b6 10.f4 Nbd7 11.Nc3 Bb7 12.Bd2 Rc8 13.Rae1 O-O 14.e5 dxe5 15.fxe5 Ne8
16.b3 Rd8 17.Nf3 Nc5 18.Bb1 Bc6 19.Ng5 g6 20.Bf4 Ng7 21.Qe3 Nh5 22.Qh3 h6
23.Nge4 Nxf4 24.Rxf4 Nxe4 25.Bxe4 Qxe5 26.Ref1 Bg5 27.Rg4 Bxe4 28.Nxe4 f5
29.Rxg5 hxg5 30.Nxg5 Rd7 31.Qh6 Rg7 32.h3 Rd8 33.Nf3 Qf6 34.Re1 f4 35.Qg5 Qxg5
36.Nxg5 Re7 37.Rxe6 Rxe6 38.Nxe6 Rd1+ 39.Kh2 Rf1 40.Nc7 Rf2 41.Nd5 f3 42.Kg3 Rxg2+
43.Kxf3 Rxa2 44.Ke4 Ra3 45.b4 Ra4 46.Kd4 a5 47.b5 Kf7 48.Nxb6 Rb4 49.Nd5 Rb3
50.Nc3 Ke6 51.Ne4 Rb1 52.Kc5 Rb3 53.Kb6 Rb4 54.Kxa5 Rxc4 55.Nd2 Rc2 56.Nb3 Kd5
57.Ka6 Rc3 58.Na5 Rxh3 59.b6 g5 60.b7 Rh8 61.Kb6 g4 62.Nc6 g3 63.Ne7+ Ke4
64.Nc8 Rh1 65.Kc6 Rc1+ 66.Kd7 Rb1 67.Nd6+ Kf4 68.Kc6 Rxb7 69.Nxb7 g2  0-1

[Event "Kaupthing Open"]
[Site "Differdange LUX"]
[Date "2008.05.14"]
[Round "6"]
[White "Raykhman,A"]
[Black "D'Costa,L"]
[Result "0-1"]
[WhiteElo "2242"]
[BlackElo "2410"]

1.e4 c5 2.Nf3 e6 3.d4 cxd4 4.Nxd4 a6 5.Bd3 Bc5 6.Nb3 Be7 7.Be3 Nf6 8.N1d2 d6
9.f4 O-O 10.Qe2 b5 11.a4 b4 12.O-O a5 13.Nc4 Nbd7 14.e5 dxe5 15.fxe5 Nd5
16.Bd2 Nc5 17.Nxc5 Bxc5+ 18.Kh1 Ra7 19.Qe4 g6 20.Bh6 Re8 21.Qg4 Ba6 22.Nd2 Bxd3
23.cxd3 Be3 24.Bxe3 Nxe3 25.Qf4 Nxf1 26.Rxf1 Qxd3 27.Ne4 Rd8 28.Re1 Rd4 29.Nf6+ Kg7
30.Qg5 Qe2 31.Ne8+ Kf8 32.Qc1 Qc4 33.Qh6+ Kxe8 34.Qxh7 Qe2 35.Qh8+ Kd7 36.Rxe2 Rd1+  0-1

[Event "Mayors Cup Open"]
[Site "Mumbai IND"]
[Date "2008.05.14"]
[Round "5"]
[White "Das,Arg"]
[Black "Kulkarni,R"]
[Result "1-0"]
[WhiteElo "2393"]
[BlackElo "2181"]

1.e4 c5 2.Nf3 e6 3.d4 cxd4 4.Nxd4 a6 5.Bd3 Nf6 6.O-O Qc7 7.Qe2 d6 8.c4 g6
9.Nc3 Bg7 10.Nf3 Nc6 11.Bf4 Nd7 12.Rac1 Nce5 13.Nxe5 Nxe5 14.Rfd1 O-O 15.b3 b6
16.Bb1 Rd8 17.Qd2 Bb7 18.h3 Rac8 19.Be3 Bf8 20.Bg5 Re8 21.f4 Qc5+ 22.Kh2 Nc6
23.e5 Nb8 24.Be4 Bc6 25.Nd5 dxe5 26.Nf6+ Kg7 27.Bxc6 Nxc6 28.Nxe8+ Rxe8 29.fxe5 Nxe5
30.Bh6+ Kg8 31.Bxf8 Rxf8 32.Qd4 Kg7 33.b4 Qxd4 34.Rxd4 Rc8 35.c5 bxc5 36.Rxc5 Rxc5
37.bxc5 f5 38.Rd6 Kf7 39.c6 Nc4 40.Rd4 Nb6 41.c7 Ke7 42.Rd8 e5 43.Rb8 Kd7
44.Rxb6 Kxc7 45.Rxa6 e4 46.Kg3  1-0

[Event "43rd Capablanca Memorial Open"]
[Site "Havana CUB"]
[Date "2008.05.15"]
[Round "8"]
[White "Barrientos,S"]
[Black "Vilela de Acuna,J"]
[Result "1-0"]
[WhiteElo "2405"]
[BlackElo "2345"]

1.e4 c5 2.Nf3 e6 3.d4 cxd4 4.Nxd4 a6 5.Bd3 Bc5 6.Nb3 Ba7 7.Qg4 Nf6 8.Qg3 d6
9.O-O Nc6 10.Nc3 b5 11.Bg5 Ne5 12.Kh1 h6 13.Bxf6 Qxf6 14.f4 Nxd3 15.cxd3 O-O
16.f5 Qe5 17.Qg4 b4 18.Ne2 exf5 19.exf5 Re8 20.Ng3 Bb7 21.Nh5 Qxb2 22.d4 Qxg2+
23.Qxg2 Bxg2+ 24.Kxg2 a5 25.Rad1 a4 26.Nc1 Rac8 27.Rf2 Rc4 28.Rfd2 Rec8 29.Ne2 b3
30.axb3 axb3 31.Nhf4 Rc2 32.Kf3 Bb6 33.Rxc2 Rxc2 34.Rb1 b2 35.Nd3 Bxd4 36.Nxd4 Rxh2
37.Rxb2 Rxb2 38.Nxb2 Kf8 39.Nc4 Ke7 40.Ne3 Kf6 41.Kf4 Ke7 42.Nd5+ Kd7 43.Ke4 Kd8
44.Nf3 Kd7 45.Ne3 Ke7 46.Ng4  1-0

[Event "Mayors Cup Open"]
[Site "Mumbai IND"]
[Date "2008.05.15"]
[Round "6"]
[White "Raghavendra,V"]
[Black "Prakash,R"]
[Result "0-1"]
[WhiteElo "2131"]
[BlackElo "2310"]

1.e4 c5 2.Nf3 e6 3.d4 cxd4 4.Nxd4 a6 5.Bd3 Ne7 6.O-O Nbc6 7.Nb3 d6 8.Nc3 g6
9.Be3 b5 10.Qd2 Bg7 11.Bh6 O-O 12.Rad1 Qc7 13.Bxg7 Kxg7 14.f4 f5 15.Kh1 Bb7
16.a3 Rad8 17.Qe2 Rf6 18.Rde1 e5 19.fxe5 dxe5 20.exf5 gxf5 21.Bxf5 Nxf5 22.Rxf5 Rxf5
23.Qg4+ Kh8 24.Qxf5 Qg7 25.Qf2 Nd4 26.Nc5 Rf8 27.Qg3 Qf6 28.Rg1 Bc6 29.N3e4 Qf5
30.Qd3 Qh5 31.Ng3 Qh4 32.c3 Nf3 33.gxf3 Rxf3 34.Qd6 Rf6+ 35.Qxc6 Rxc6 36.Rf1 Rxc5
37.Rf8+ Kg7 38.Nf5+ Kxf8 39.Nxh4 Rc4 40.Nf3 Re4 41.Ng5 Re2 42.Ne6+ Ke7 43.Nc7 Rxb2
44.Nxa6 Rb3 45.Nc7 Kd7 46.Nd5 Rxa3 47.Kg2 Kd6 48.Nf6 h6 49.Kf2 Kc5 50.h4 Rxc3  0-1

[Event "Mayors Cup Open"]
[Site "Mumbai IND"]
[Date "2008.05.15"]
[Round "7"]
[White "Kiran,M"]
[Black "Anurag,M"]
[Result "1/2-1/2"]
[WhiteElo "2316"]
[BlackElo "2125"]

1.e4 c5 2.Nf3 e6 3.d4 cxd4 4.Nxd4 a6 5.Bd3 Bc5 6.Nb3 Be7 7.c4 d6 8.O-O Nd7
9.Nc3 Ngf6 10.Qe2 b6 11.Nd4 Bb7 12.b3 Qc7 13.Bb2 Rc8 14.Rad1 h5 15.Bb1 h4
16.h3 g5 17.Rfe1 Rg8 18.Nd5 exd5 19.exd5 Ne5 20.Nf5 Nfd7 21.Qh5 Bf6 22.Nh6 Rf8
23.Ng4 Be7 24.Bf5 Nxg4 25.Rxe7+ Kxe7 26.Qxg5+ f6 27.Qg7+ Rf7 28.Qxg4 Rcf8
29.Be6 Kd8 30.Bxf7 Rxf7 31.Re1 Rf8 32.Qg7 Kc8 33.Re7 Rd8 34.Bxf6 Bxd5 35.cxd5 Qc1+
36.Kh2 Qf4+ 37.Kg1 Qc1+ 38.Kh2 Qf4+  1/2-1/2

[Event "43rd Capablanca Memorial Open"]
[Site "Havana CUB"]
[Date "2008.05.16"]
[Round "9"]
[White "Corrales Jimenez,Z"]
[Black "Vilela de Acuna,J"]
[Result "0-1"]
[WhiteElo "2147"]
[BlackElo "2345"]

1.e4 c5 2.Nf3 e6 3.d4 cxd4 4.Nxd4 a6 5.Bd3 Bc5 6.Nb3 Ba7 7.Qe2 Nc6 8.f4 d6
9.Be3 Nge7 10.N1d2 O-O 11.O-O-O Nb4 12.Bxa7 Rxa7 13.a3 Nxd3+ 14.Qxd3 b5 15.Nf3 Rd7
16.g4 Qc7 17.f5 Rdd8 18.Nbd4 e5 19.Ne2 d5 20.Qc3 Qxc3 21.Nxc3 dxe4 22.Nxe4 Bb7
23.Rxd8 Rxd8 24.Re1 f6 25.Nfd2 Bd5 26.Re3 Rc8 27.b3 Rc6 28.Kb2 h6 29.Rc3 h5
30.Rxc6 Bxc6 31.h3 h4 32.c4 bxc4 33.bxc4 Kf7 34.Nd6+ Kf8 35.N2e4 Nc8 36.c5 Nxd6
37.Nxd6 Ke7 38.Kc3 Bg2 39.Nc4 Bxh3 40.Ne3 Bg2 41.g5 h3 42.gxf6+ gxf6 43.Ng4 Be4
44.Kc4 Bxf5 45.Nh2 Be6+ 46.Kb4 Kd7 47.Nf3 Kc6 48.Nh2 Bd5 49.Ng4 Bf3 50.Nh2 Be2
51.Kc3 Kxc5 52.Kd2 Bb5 53.Ke3 f5 54.Kf2 f4 55.Ng4 Kd4 56.Kg1 Bd7 57.Nf6 Bf5
58.Ng8 e4 59.Ne7 Bd7 60.Ng6 Ke3  0-1